00395nam a2200133Ia 4500008004100000082001400041100001700055245003600072260002000108600001300128942000700141952009600148999001700244241002s9999 xx 000 0 und d a297.3 ARB aArberry, A.J 0aAspects of Islamic Civilization aNew York:c1964 aReligion cUC 00104070aUITUbUITUd1994-01-01l0o297.3 ARBpUC11r2024-10-02 09:31:05w2024-10-02yUC c18338d18338